Score 0/134 Timer 20:00
0 Plays Today
Hint Answer % Correct
(2009 & 2016 & 2017)Sidney Crosby
94.4%
(2018)Alexander Ovechkin
94.4%
(2009 & 2016 & 2017)Evgeni Malkin
88.9%
(2009 & 2016 & 2017)Marc-Andre Fleury
88.9%
(2010 & 2013 & 2015)Patrick Kane
86.1%
(2010 & 2013 & 2015)Jonathan Toews
86.1%
(2016 & 2017)Phil Kessel
77.8%
(2012 & 2014)Anze Kopitar
77.8%
77.8%
(2019)Alex Pietrangelo
75%
(2019)Nicklas Backstrom
75%
(2010 & 2013 & 2015)Brent Seabrook
75%
(2019)Vladimir Tarasenko
72.2%
(2012 & 2014)Drew Doughty
72.2%
(2009)Jordan Staal
72.2%
(2006)Eric Staal
72.2%
(2010 & 2013 & 2015)Marian Hossa
72.2%
(1991 & 1992) Mario Lemieux
72.2%
(2019)Robert Thomas
69.4%
(2007)Ryan Getzlaf
69.4%
(1996 & 2001)Joe Sakic
69.4%
(2019)Brayden Schenn
66.7%
(2018)T.J. Oshie
66.7%
(2012 & 2014)Jeff Carter
66.7%
(2007)Corey Perry
66.7%
(1991 & 1992)Jaromir Jagr
66.7%
(2018)Evgeny Kuznetsov
63.9%
(2018)John Carlson
63.9%
(2012 & 2014)Dustin Brown
63.9%
(2012 & 2014)Mike Richards
63.9%
(2004)Vincent Lecavalier
63.9%
(2011)Tuukka Rask
61.1%
(2007)Rob Niedermayer
61.1%
(1995 & 2000 & 2003 & 2007)Scott Niedermayer
61.1%
(1996 & 2001) Peter Forsberg
61.1%
(2007)Teemu Selanne
61.1%
(1997 & 1998 & 2002) Steve Yzerman
61.1%
(2019)Jaden Schwartz
58.3%
(1995 & 2000 & 2003)Martin Brodeur
58.3%
(2018)Tom Wilson
55.6%
(2009 & 2018)Brooks Orpik
55.6%
(2001)Alex Tanguay
55.6%
(2006)Rod Brind'Amour
55.6%
(1997 & 1998 & 2002)Brendan Shanahan
55.6%
(2007)Chris Pronger
52.8%
Hint Answer % Correct
(1995 & 2000 & 2003) Scott Stevens
52.8%
(1993)Denis Savard
52.8%
(1984 & 1985 & 1987 & 1991)Paul Coffey
52.8%
(1973 & 1976 & 1977 & 1978 & 1979)Guy Lafleur
52.8%
(2006 & 2012 & 2014)Justin Williams
50%
(1991 & 1992 & 1997 & 1998)Larry Murphy
50%
(2011)Tyler Seguin
47.2%
(2018)Matt Niskanen
47.2%
(1995 & 2009) Bill Guerin
47.2%
(1994)Brian Leetch
47.2%
(2018)Jakub Vrana
44.4%
(1984 & 1985 & 87 & 88 & 1990 & 1994)Kevin Lowe
44.4%
(1980 & 1981 & 1982 & 1983)Denis Potvin
44.4%
(2019)Jay Bouwmeester
41.7%
(1997 & 1998 & 2006)Aaron Ward
41.7%
(2004)Dave Andreychuk
41.7%
(1991 & 1992)Ron Francis
41.7%
(2018)Lars Eller
38.9%
(2019)David Perron
38.9%
(2014)Marian Gaborik
38.9%
(2000 & 2003)Scott Gomez
38.9%
(2000 & 2009)Petr Sykora
38.9%
(2000)Jason Arnott
38.9%
(1994)Alexei Kovalev
38.9%
(1999)Derian Hatcher
38.9%
(1984 & 1985 & 1987 & 1988 & 1990)Grant Fuhr
38.9%
(2012)Jonathan Bernier
36.1%
(2006 & 2010)Andrew Ladd
36.1%
(1989)Lanny McDonald
36.1%
(2018)Andre Burakovsky
33.3%
(2016 & 2017)Olli Maatta
33.3%
(2014)Tanner Pearson
33.3%
(2016 & 2017)Ian Cole
33.3%
(2012 & 2014)Trevor Lewis
33.3%
(2011)Nathan Horton
33.3%
(2012)Simon Gagne
33.3%
(1995 & 2000)Bobby Holik
33.3%
(1993)Kirk Muller
33.3%
(1982 & 1983)Brent Sutter
33.3%
(2004 & 2006)Cory Stillman
30.6%
(1993)Vincent Damphousse
30.6%
(1991 & 1992)Tom Barrasso
30.6%
(1993)Brian Bellows
30.6%
(1989)Al MacInnis
30.6%
(2019)Robby Fabbri
27.8%
Hint Answer % Correct
(2014)Jeff Schultz
27.8%
(2008)Niklas Kronwall
27.8%
(2007)Jean-Sebastien Giguere
27.8%
(2009)Sergei Gonchar
27.8%
(1989)Gary Roberts
27.8%
(1995)John MacLean
27.8%
(1995 & 2000 & 2003)Ken Daneyko
27.8%
(2006)Kevyn Adams
25%
(2006)Glen Wesley
25%
(1976 & 1977 & 1978 & 1979 & 1986)Bob Gainey
22.2%
(2018)Brett Connolly
19.4%
(2013)Nick Leddy
19.4%
(2013)Michael Frolik
19.4%
(2008)Daniel Cleary
19.4%
(1996)Adam Deadmarsh
19.4%
(1996)Mike Ricci
19.4%
(2017)Ron Hainsey
16.7%
(2008)Brad Stuart
16.7%
(2014)Robyn Regehr
16.7%
(1997 & 1998)Martin Lapointe
16.7%
(1995)Brian Rolston
16.7%
(1991 & 1996)Scott Young
16.7%
(2011)Daniel Paille
13.9%
(1999 & 2004)Darryl Sydor
13.9%
(1987 & 1988 & 1990 & 1994)Jeff Beukeboom
13.9%
(2016)Beau Bennett
11.1%
(2019)Michael Del Zotto
11.1%
(2010)Ben Eager
11.1%
(1990)Martin Gelinas
11.1%
(2016)Eric Fehr
8.3%
(2003)Michael Rupp
8.3%
(1989)Rob Ramage
8.3%
(2003 & 2006)Oleg Tverdovsky
5.6%
(2003)Jeff Friesen
5.6%
(1999 & 2003)Grant Marshall
5.6%
(2011)*Jordan Caron
2.8%
(2002)Boyd Devereaux
2.8%
(2001 & 2004)Chris Dingman
2.8%
(2003)Turner Stevenson
2.8%
(2007)Brad May
2.8%
(1991 & 1992) Bob Errey
2.8%
(2001)Martin Skoula
0%
(1999)Richard Matvichuk
0%
(1996)Curtis Leschyshyn
0%
Remove Ads.
Support Sporcle.
Get the best of Sporcle when you Go Orange. This ad-free experience offers more features, more stats, and more fun while also helping to support Sporcle. Thank you for becoming a member.

You're not logged in!

Compare scores with friends on all Sporcle quizzes.
OR
Log In

Sporcle TV

Today on Sporcle TV


Watch our educational content, quiz creation guides, and fun videos on Sporcle TV.

Show Comments

Extras

Top Quizzes Today


Score Distribution

Paid Content

Your Account Isn't Verified!

In order to create a playlist on Sporcle, you need to verify the email address you used during registration. Go to your Sporcle Settings to finish the process.

Report this User

Report this user for behavior that violates our Community Guidelines.

Details: